The Dublin Penny Journal

Opis bibliograficzny
Format: Elektroniczne Czasopismo
Język:English
Hasła przedmiotowe:
Dostęp online:Full text available on JSTOR[1832-06-30 - 1836-06-25]
Off-campus access
LEADER 00977cas a2200193 a 4500
001 AALejournalJSTOR000011
008 230228c9999 xx r poo 0 0eng d
022 |a 2009-1338 
040 |a BD-DhAAL  |c BD-DhAAL 
245 0 0 |h [electronic resource]  |a The Dublin Penny Journal 
300 |a 1 online resource 
362 0 |a Vol. 1,  |a no. 1 
500 |a <strong>Off-Campus Access:</strong> Athens ID and Password Required 
500 |a <strong>On-Campus Access:</strong> No User ID or Password Required 
506 |a Electronic access restricted to authorized BRAC University faculty, staff and students 
538 |a Mode of access: Internet 
650 4 |a Area Studies ; Folklore ; History ; Humanities ; Irish Studies ; Science & Mathematics ; Zoology 
856 4 0 |z Full text available on JSTOR[1832-06-30 - 1836-06-25]  |u https://www.jstor.org/journal/dublpennj 
856 4 0 |z Off-campus access  |u https://go.openathens.net/redirector/bracu.ac.bd?url=https%3A%2F%2Fwww.jstor.org%2Fjournal%2Fdublpennj